01056naa#a2200193#i#4500001002300000005001700023011001400040100004100054102000700095200031800102210016900420215001000589608004500599675003200644700005800676700005200734700006200786856001400848RU\INFRA-M\bibl\11756020260514180537.4##a2500-0543##a20260401b2026####ek#y0rusy0150####ca##aRU1#aПСИХОЛОГИЧЕСКОЕ ПРОГРАММИРОВАНИЕ ПОВЕДЕНИЯ В УСЛОВИЯХ ОБУЧЕНИЯ ПРИ АКТИВНОМ ИСПОЛЬЗОВАНИИ СОВРЕМЕННЫХ ТЕХНОЛОГИЙ В АСПЕКТЕ ПСИХОЛОГИИ БЕЗОПАСНОСТИeЖурнальная статья1#aМоскваcОбщество с ограниченной ответственностью «Научно-издательский центр ИНФРА-М»d2026##a9 с.##aЖурнальная статья2local##aПсихология. 159.9#1aБелавинgАндрей Вениаминович#1aГорачgНиколай Николаевич#1aХодусовgАлексей Александрович4#azh-szf.ru